Größte Städte auf Inseln - Statistiken

Allgemein
  • Dieses Quiz wurde 46 mal gespielt
    6 seit der letzten Aktualisierung
  • Das Durchschnittsergebnis liegt bei 14 aus 25
Antwortstatistiken
Einwohner Antwort % Korrekt
5,6 Mio Colombo
80%
41,9 Mio Jakarta
80%
14,3 Mio London
80%
28,3 Mio Manila
80%
37,3 Mio Tokio
80%
4,4 Mio Antananarivo
60%
8,5 Mio Bandung
60%
3,6 Mio Birmingham
60%
5,5 Mio Fukuoka
60%
7,3 Mio Manchester
60%
4,8 Mio Medan
60%
9,5 Mio Nagoya
60%
19,3 Mio Osaka
60%
5,7 Mio Singapur
60%
6,5 Mio Surabaya
60%
6,9 Mio Taipeh
60%
3,2 Mio Cebu City
40%
3,4 Mio Davao City
40%
15,1 Mio Mumbai
40%
2,8 Mio Port-au-Prince
40%
3,7 Mio Santo Domingo
40%
6,2 Mio Semarang
40%
3,8 Mio Taichung
40%
3,0 Mio Kaohsiung
20%
3,3 Mio Makassar
20%
Keine übereinstimmenden Quizze gefunden
Verteilung der Resultate
Anzahl Personen mit jedem Resultat
Perzentil nach korrekt beantworteten Fragen
Ihre Resultats-Entwicklung
Sie haben dieses Quiz seit der letzten Aktualisierung nicht gespielt